Xây dựng và sử dụng bài giảng điện tử phần "dòng điện xoay chiều" chương trình vật lý 12 trung học phổ thông nhằm hỗ trợ quá trình tự học của học sinh.

Cơ sở lí luận của đề tài. Xây dựng bài giảng điện tử phần “Dòng điện xoay chiều “ chương trình vật lí 12 trung học phổ thông.

保存先:
書誌詳細
第一著者: Nguyễn Ngọc Dũng
その他の著者: Tôn Tích Ái TS. (Hướng dẫn), Đặng Xuân Hải PGS.TS (Hướng dẫn)
フォーマット: 図書
出版事項: Hà nội Đại học Quốc gia Hà Nội - Trường ĐH Giáo dục 2013
主題:
タグ: タグ追加
タグなし, このレコードへの初めてのタグを付けませんか!
Thư viện lưu trữ: Mạng thư viện Đại học Đà Nẵng
LEADER 01966nam a2200385 4500
001 000020389
003 16834
005 20150317090312.0
008 150317s2013 sd
082 1 4 |a 537.60712  |b NG-D 
100 |a Nguyễn Ngọc Dũng 
245 1 |a Xây dựng và sử dụng bài giảng điện tử phần "dòng điện xoay chiều" chương trình vật lý 12 trung học phổ thông nhằm hỗ trợ quá trình tự học của học sinh.  |c Nguyễn Ngọc Dũng ; Đặng Xuân Hải, Tôn Quang Cường hướng dẫn.  |k Luận văn Thạc sĩ 
260 |a Hà nội  |b Đại học Quốc gia Hà Nội - Trường ĐH Giáo dục  |c 2013 
300 |a 102 tr.  |c 29 cm. 
500 |a Luận văn thạc sĩ Khoa học. Chuyên ngành: Lý luận và phương pháp dạy học ( bộ môn Vật Lý). Mã số: 60.14.10 
520 |a Cơ sở lí luận của đề tài. Xây dựng bài giảng điện tử phần “Dòng điện xoay chiều “ chương trình vật lí 12 trung học phổ thông. 
650 0 4 |a Dòng điện xoay chiều  |v Luận văn tôt nghiệp  |x Bài giảng điện tử 
653 |a Giáo dục THPT 
653 |a Vật lý 12 
653 |a Phương pháp dạy học 
653 |a Dòng điện xoay chiều 
653 |a Phướng pháp dạy học môn Lý 
653 |a Bài giảng điện tử 
700 1 |a Tôn Tích Ái  |c TS.  |e Hướng dẫn 
700 1 |a Đặng Xuân Hải  |c PGS.TS  |e Hướng dẫn 
OWN |a LSP 
AVA |a UDN50  |b LSP  |d 537.60712 NG-D  |e available  |t Error 5001 Not defined in file expand_doc_bib_avail.  |f 1  |g 0  |h N  |i 0  |k 1 
999 |a From the UDN01 
AVA |a UDN50  |b LSP  |d 537.60712 NG-D  |e available  |t Error 5001 Not defined in file expand_doc_bib_avail.  |f 1  |g 0  |h N  |i 0  |k 1 
TYP |a Monograph 
TYP |a Printed language 
980 |a Mạng thư viện Đại học Đà Nẵng